000 00820nam a22001817a 4500
999 _c57997
_d57997
005 20210419180854.0
008 210419c2017 ge ||||| |||| 00| 0 geo d
022 _a0134-3459
041 _ageo
245 _aჭოროხი :
_b2017 : ლიტერატურულ-სამხატვრო და საზოგადოებრივ ჟურნალი / /
_cმთავარი რედაქტორი სანდრო ბერიძე.
260 _aბათუმი,
_b
_c1958 -
300 _av.
653 _aპერიოდიკა
653 _aჭოროხი
700 _aბერიძე, სანდრო
_eმთავარი რედაქტორი
_94725
710 _aაჭარის მწერალთა სახლი
_911446
942 _2udc
_cCR